Ribosome-associated quality control (RQC) in neurons

Saved in:
Bibliographic Details
Main Author: Hung, Hao-Chih (Author)
Format: Book/Monograph Thesis
Language:English
Published: Heidelberg [2025?]
Subjects:
Online Access: Get full text
Author Notes:presented by Hao-Chih Hung, M.Sc. ; referees: Prof. Dr. Claudio Joazeiro, Dr. Annarita Patrizi

MARC

LEADER 00000cam a2200000 c 4500
001 1925653374
003 DE-627
005 20260318154641.0
007 tu
008 250514s2025 gw ||||| m 00| ||eng c
035 |a (DE-627)1925653374 
035 |a (DE-599)KXP1925653374 
035 |a (OCoLC)1519554791 
040 |a DE-627  |b ger  |c DE-627  |e rda 
041 |a eng 
044 |c XA-DE-BW 
084 |a 32  |2 sdnb 
100 1 |a Hung, Hao-Chih  |d 1991-  |e VerfasserIn  |0 (DE-588)1253623295  |0 (DE-627)1795973323  |4 aut 
245 1 0 |a Ribosome-associated quality control (RQC) in neurons  |c presented by Hao-Chih Hung, M.Sc. ; referees: Prof. Dr. Claudio Joazeiro, Dr. Annarita Patrizi 
264 1 |a Heidelberg  |c [2025?] 
300 |a VIII, 119 Seiten  |b Illustrationen, Diagramme 
336 |a Text  |b txt  |2 rdacontent 
337 |a ohne Hilfsmittel zu benutzen  |b n  |2 rdamedia 
338 |a Band  |b nc  |2 rdacarrier 
502 |b Dissertation  |c Ruprecht-Karls-University Heidelberg  |d 2025 
546 |a Text Englisch, Zusammenfassung in englischer und deutscher Sprache 
655 7 |a Hochschulschrift  |0 (DE-588)4113937-9  |0 (DE-627)105825778  |0 (DE-576)209480580  |2 gnd-content 
700 1 |a Joazeiro, Claudio A. P.  |d 1968-  |e AkademischeR BetreuerIn  |0 (DE-588)116567176X  |0 (DE-627)1029740356  |0 (DE-576)510492584  |4 dgs 
710 2 |a Universität Heidelberg  |e Grad-verleihende Institution  |0 (DE-588)2024349-2  |0 (DE-627)102161488  |0 (DE-576)191769517  |4 dgg 
751 |a Heidelberg  |0 (DE-588)4023996-2  |0 (DE-627)106300814  |0 (DE-576)208952578  |4 uvp 
776 0 8 |i Erscheint auch als  |n Online-Ausgabe  |a Hung, Hao-Chih, 1991 -   |t Ribosome-associated quality control (RQC) in neurons  |d Heidelberg, 2025  |h 1 Online-Ressource (VIII, 119 Seiten)  |w (DE-627)1965733026 
951 |a BO 
992 |a 20250519 
993 |a Thesis 
998 |g 1253623295  |a Hung, Hao-Chih  |m 1253623295:Hung, Hao-Chih  |d 140000  |d 140001  |e 140000PH1253623295  |e 140001PH1253623295  |k 0/140000/  |k 1/140000/140001/  |p 1  |x j  |y j 
999 |a KXP-PPN1925653374  |e 472591083X 
BIB |a Y 
JSO |a {"language":["eng"],"corporate":[{"role":"dgg","display":"Universität Heidelberg"}],"name":{"displayForm":["presented by Hao-Chih Hung, M.Sc. ; referees: Prof. Dr. Claudio Joazeiro, Dr. Annarita Patrizi"]},"recId":"1925653374","noteThesis":["Dissertation. - Ruprecht-Karls-University Heidelberg. - 2025"],"origin":[{"dateIssuedKey":"2025","publisherPlace":"Heidelberg","dateIssuedDisp":"[2025?]"}],"type":{"bibl":"thesis"},"physDesc":[{"noteIll":"Illustrationen, Diagramme","extent":"VIII, 119 Seiten"}],"title":[{"title_sort":"Ribosome-associated quality control (RQC) in neurons","title":"Ribosome-associated quality control (RQC) in neurons"}],"person":[{"role":"aut","family":"Hung","given":"Hao-Chih","display":"Hung, Hao-Chih"},{"role":"dgs","display":"Joazeiro, Claudio A. P.","given":"Claudio A. P.","family":"Joazeiro"}],"id":{"eki":["1925653374"]}} 
SRT |a HUNGHAOCHIRIBOSOMEAS2025